Trends in the transport sector: 1970-2003

Saved in:
Bibliographic Details
Corporate Authors: ECMT (Author), European Conference of Ministers of Transport (Author)
Format: Book
Language:English
Published: París OECD 2005
Subjects:
Tags: Add Tag
No Tags, Be the first to tag this record!

MARC

LEADER 00000nam a2200000 a 4500
001 UCI6944
003 CL-VaPUC
008 080530e20050000FR |||||||||||||||||eng|d
020 |a 9282103358 
082 0 4 |a 388.44  |b ECM  |2 21 
110 2 |a ECMT  |e author  |9 530021 
710 2 |a European Conference of Ministers of Transport  |e author  |9 530022 
245 1 0 |a Trends in the transport sector: 1970-2003 
300 |a 63 p 
942 |c BK 
945 |d 20080530 00:00:00  |a jtorresc 
260 |a París  |b OECD  |c 2005 
650 7 |a TRANSPORTE  |2 CL-VaPUC  |9 256365 
650 7 |a TRANSPORTE DE PASAJEROS  |2 CL-VaPUC  |9 260885 
650 7 |a SERVICIOS DE TRANSPORTE  |2 CL-VaPUC  |9 358013 
650 0 |a Crecimiento económico   |9 314037 
583 |a last modification  |c 20080530 00:00:00  |k Rodrigo Vera 
999 |c 330377  |d 330375 
952 |0 0  |1 0  |4 0  |6 388_440000000000000_ECM_2005  |7 0  |8 A  |9 415879  |a BIBGIM  |b BIBGIM  |d 2019-11-22  |i 4444337  |o 388.44 ECM 2005  |p 4444337  |r 2025-01-15  |w 2019-11-22  |y BK  |k OCD